01034nam a22002777a 4500999001700000003000900017005001700026008004100043020001800084040004300102082002000145245009400165264005100259300002700310336002600337337002800363338002700391650002300418650003600441653002100477655002400498700003200522700004400554942001200598952014600610 c28510d28481EG-ScBUE20200719004647.0200219s2011 enk f 000 0 eng d a9781845494902 aEG-ScBUEbengerdacEG-ScBUEdEG-ScBUE04a070.43bINV22200aInvestigative journalism :bdead or alive ? /cedited by John Mair, Richard Lance Keeble. 1aSuffolk :bAbramis Academic Publishing,c2011. aix, 345 pages ;c24 cm 2rdacontentatextbtxt 2rdamediaaunmediatedbn 2rdacarrieravolumebnc 7aJournalism.2BUEsh 7aInvestigative reporting.2BUEsh bCOMAMEcJuly2020 vReading book9342321 aMair, John,eeditor.9107931 aKeeble, Richard,‏ d1948-‏eeditor. 2ddccBB 00102ddc40708BaccahaMAINbMAINcLOWd2020-07-19ePurchaseg460.00l0o070.43 INVp000049420r2025-07-15 00:00:00v575.00w2020-07-19yBB